Modelo de evaluación del desempeño docente basado en competencias en la República Dominicana (Record no. 9231)

MARC details
000 -LEADER
campo de control de longitud fija 00435nam a2200157Ia 4500
001 - NÚMERO DE CONTROL
campo de control 2979
008 - DATOS DE LONGITUD FIJA--INFORMACIÓN GENERAL
campo de control de longitud fija 241024s9999 xx 000 0 und d
020 ## - NÚMERO INTERNACIONAL ESTÁNDAR DEL LIBRO
Número Internacional Estándar del Libro 978-9945-8859-0-3
082 ## - NÚMERO DE LA CLASIFICACIÓN DECIMAL DEWEY
Número de clasificación RD/370.71/ID19m
100 ## - ENTRADA PRINCIPAL--NOMBRE DE PERSONA
Nombre de persona IDEICE
245 #0 - MENCIÓN DEL TÍTULO
Título Modelo de evaluación del desempeño docente basado en competencias en la República Dominicana
260 ## - PUBLICACIÓN, DISTRIBUCIÓN, ETC.
Nombre del editor, distribuidor, etc. Centenario
Fecha de publicación, distribución, etc. 2012
590 ## - NOTA LOCAL (RLIN)
Nota local si
901 ## - ELEMENTOS DE DATOS A LOCAL LDA (RLIN)
a 9/7/2013 1:54:49 p.m.

No items available.

© 2024. Todos los Derechos Reservados. Desarrollado por IDEICE